| 000 | 00614nam a2200205 i 4500 | ||
|---|---|---|---|
| 001 | bgj | ||
| 100 | 1 | _aSZPOTOWICZ, Magdalena | |
| 245 | 1 | 0 |
_aSparks : _bksiążka nauczyciela / _cMagdalena Szpotowicz ; Małgorzata Szulc-Kurpaska. |
| 260 |
_aOxford : _bOxford University Press, _c2004. |
||
| 300 |
_a112 pp : _bill. ; _c30 cm. |
||
| 650 | 9 | _aEnglish language | |
| 655 | _aTextbooks for foreigners | ||
| 700 | 1 |
_aSZULC-KURPASKA, Małgorzata. _eco-author |
|
| 020 | _a0194384217 | ||
| 040 | _cBPK | ||
| 041 | 0 |
_apol _aeng |
|
| 920 | _a0-19-438421-7 | ||
| 942 | _cKS | ||
| 008 | s pl f |000 0 pol | ||
| 999 |
_c48943 _d48943 |
||
| 856 |
_uhttp://koha.tu.koszalin.pl/cgi-bin/koha/opac-detail.pl?biblionumber=48943 _yKatalog online BPK |
||